Statistics for Title in the Lyrics - European Songs

Click here to take the quiz!

General Stats

  • This quiz has been taken 44 times
  • The average score is 5 of 25

Answer Stats

Answer% Correct
You are the {dancing} {queen} / Young and sweet / Only seventeen
93%
A little bit of Sandra in the sun / A little bit of Mary all night long / A little bit of Jessica here I am / A little bit of you makes me your man! / {Mambo} {number} {5}!
63%
{It} {must} {have} {been} {love} / But it's over now / It must have been good / But I lost it somehow
40%
I have crawled / I have scaled these city walls / These city walls / Only to be with you / But {I} {still} {haven't} {found} {what} {I'm} {looking} {for} (2x)
38%
Er war ein Punker und er lebte in der großen Stadt / Es war in Wien, war Vienna, wo er alles tat / Er hatte Schulden, denn er trank, doch ihn liebten alle Frauen / Und jede rief: „Come and {rock} {me} {Amadeus}!“
35%
I can be your {hero}, baby / I can kiss away the pain / I will stand by you forever / You can take my very breath away
28%
Oh / Put your loving hand out, baby / I'm {beggin}'
23%
When I dance they call me {Macarena} / and the boys say that I´m buena. / They all want me, they can´t have me. / So they all come and dance beside me.
23%
I keep asking myself, wondering how / I keep closing my eyes but I can't block you out / Want to fly to a place where it's just you and me / Nobody else so we can be free (2x) / {All} {the} {things} {she} {said} (2x)
/ Running through my head (3x)
20%
And daddy doesn't understand it / He always said she was good as gold / And he can see no reasons / 'Cause there are no reasons / What reason do you need to be shown? / {I} {don't} {like} {Mondays} (Tell me why)
18%
{Evacuate} {the} {dancefloor} / I'm infected by the sound / Stop this beat is killing me / Hey little DJ let the music take me underground
18%
{One} {more} {time}, we're gonna celebrate / Oh yeah, alright, don't stop the dancing
15%
I wanna dance by water 'neath the Mexican sky / Drink some Margaritas by a string of blue lights / Listen to the Mariachi play at midnight / {Are} {you} {with} {me}? (2x)
13%
Pourra m′aider / Je suis / D′une géneration {désenchantée} (2x)
13%
I've been watching, I've been waiting / {In} {the} {shadows} for my time / I've been searching, I've been living / For tomorrow's all my life
10%
Jungle life / I'm far away from nowhere / On my own like {Tarzan} {boy}
10%
Lemme hear ya say yeah! (yeah!) / Lemme hear ya say yeah! (yeah!) / No, no, no, no, no, no, no, no, no, no, no, no there's {no} {limit}!
10%
People just want more and more / Freedom and love, what he's looking for / {Freed} {from} {desire} - mind and senses purified (3x)
10%
Who can say where the road goes / Where the day flows, {only} {time}
10%
And they will run you down, down 'til you go / Yeah, so you can't crawl no more / And {way} {down} {we} {go}
8%
Gimme gimme / Gimme just a little smile / We got a message for you / Sunshine, {sunshine} {reggae} / Don't worry, don't hurry / Take it easy
8%
They were asking if you were around / How you was, where you could be found / I told them you were living downtown / Driving all the old men crazy / {The} {boys} {are} {back} {in} {town}
8%
Lookin' back on the track for a {little} {green} {bag}, / Got to find just the kind or I'm losin' my mind / Out of sight in the night out of sight in the day, / Lookin' back on the track gonna do it my way.
5%
The world is mourning / They don't realize he′s alive / No one understands but {Major} {Tom} sees / Now the lights commands / This is my home
3%
Say you will, say you won't / Say you'll do what I don't / Say you're true, say to me / {C'est} {la} {vie}
0%

Score Distribution

Percentile by Number Answered

Percent of People with Each Score

Your Score History

You have not taken this quiz